| 000 | 01309nam0a2200325 4500 | ||
|---|---|---|---|
| 001 | RU\NLR\bibl\191711 | ||
| 005 | 20250619090055.0 | ||
| 021 |
_aRU _b2001-4217 _9209 |
||
| 035 | _a(NLR Aleph) 000188220 | ||
| 090 |
_a1087931 _c1087931 |
||
| 100 | _a20011012d2000 |||y0rusy50 ca | ||
| 101 | 0 |
_arus _atat |
|
| 102 | _aRU | ||
| 105 | _aa ||||||||| | ||
| 200 | 1 |
_a"Все плывут и плывут облака..." _eПосвящается 100-летию со дня рождения Хасана Туфана _e[Сб. _fСост. Рамис Аймат _gРед. Розалия Гарифжанова] |
|
| 210 |
_aКазань _cЗаман _d2000 |
||
| 215 |
_a79 с. _cил., портр., факс. _d21 |
||
| 300 | _aТекст парал. на рус. и тат. яз. | ||
| 600 | 1 |
_aТуфан _bХ. Ф. _f1900-1981 _gХасан Фахриевич _2psbo |
|
| 600 | 1 |
_aТуфан _bХ. _f1900 - 1981 _gХасан _91747952 _3RU\NLR\auth\661078499 |
|
| 686 | _aШ5(2=Тат)7-4Туфан | ||
| 702 | 1 |
_aАймат _bР. _gРамис _4220 |
|
| 702 | 1 |
_aГарифжанова _bР. _gРозалия _4340 |
|
| 801 | 0 |
_aRU _bNLR _c20011012 _gPSBO |
|
| 801 | 1 |
_aRU _bNLR _c20011012 |
|
| 852 |
_aNLR _bОНЛ _jТатар./3-12629 |
||
| 942 | _cBOOK | ||
| 980 | _aNB | ||